La bella y la bestia / (Registro nro. 12195)

Detalles MARC
000 -LIDER
fixed length control field 00669nam a22002417a 4500
001 - NÚMERO DE CONTROL
Identificador de número de control 0007010
003 - IDENTIFICACDOR DE NÚMERO DE CONTROL
control field DO-SdBNP
005 - DATE AND TIME OF LATEST TRANSACTION
control field 20180321135812.0
007 - CAMPOS FIJOS DE DESCRIPCIÓN FÍSICA
fixed length control field 0007010
008 - ELEMENTOS DE LONGITUD FIJA
fixed length control field 161201b 1999 sp a ||||| |||| 00| 0 spa d
020 ## - ISBN
International Standard Book Number 8439201192
040 ## - FUENTE DE CATALOGACIÓN
Agencia que crea de manera original el registro BPMSU
Idioma de catalogación spa
Agencia que realiza la transcripción BPMSU
082 ## - NÚMERO DE CLASIFICACIÓN DECIMAL DE DEWEY
Classification number xxxx
Item number xxxx
245 10 - MENCIÓN DE TITULO
Título La bella y la bestia /
Mención de responsabilidad Disney.
260 ## - PUBLICACIÓN, DISTRIBUCIÓN, ETC. (PIE DE IMPRENTA)
Lugar de publicación, distribución, etc Madrid :
Nombre del editor, distribuidor, etc. Gaviota,
Fecha de publicación, distribución, etc [1999].
300 ## - DESCRIPCIÓN FÍSICA
Extensión 32 p. :
Otros detalles físicos il. ;
Dimensiones 23 cm.
490 1# - MENCIÓN DE SERIES
Mención de serie Multieducativos Disney
710 ## - ASIENTO SECUNDARIO -- NOMBRE CORPORATIVO
Unidad subordinada Walt Disney Company
830 #0 - ASIENTO SECUNDARIO DE SERIE--TÍTULO UNIFORME
Título uniforme Multieducativos Disney
942 ## - ADDED ENTRY ELEMENTS (KOHA)
Source of classification or shelving scheme Dewey Decimal Classification
Koha item type Libros
945 ## - INFORMACIÓN DE PROCESAMIENTO LOCAL
Información de procesamiento local Inventariado extranjero / 2018 VM
956 ## - LOCAL ELECTRONIC LOCATION AND ACCESS (OCLC)
Método de acceso LOPEREZ
Materiales especificados 10
Enlace 20161201
Campo enlazado y núm. de secuencia BPMSU
Nombre de host 00041
Existencias
Withdrawn status Lost status Source of classification or shelving scheme Damaged status Not for loan Collection code Home library Current library Date acquired Source of acquisition Total Checkouts Full call number Barcode Date last seen Price effective from Koha item type
    Dewey Decimal Classification     Colección Infantil General Biblioteca Pública Metropolitana Salomé Ureña Biblioteca Pública Metropolitana Salomé Ureña 12/01/2016 FUNDI   xxxx xxxx BPMSU16120004 12/01/2016 12/01/2016 Libros